[Event "Danmarksmesterskabet 1976"]
[Site "Aarhus"]
[Date "1976.04.13"]
[Round "4"]
[White "Hansen, Jacob Ost"]
[Black "Brinck Claussen, Bjorn"]
[Result "1/2-1/2"]
[WhiteElo "2408"]
[BlackElo "2399"]
[PlyCount "81"]
[EventDate "1976.04.10"]
[EventType "swiss"]
[EventRounds "10"]
[EventCountry "DEN"]
[SourceTitle "B Brinck Clausen notebooks"]

1. g3 g6 2. Bg2 Bg7 3. e4 c5 4. d3 Nc6 5. Nc3 d6 6. f4 Nh6 7. Nf3 f5 8. O-O O-O 9. h3 Rb8 10. Be3 b5 11. Qd2 b4 12. Nd1 Bd7 13. Kh2 Qb6 14. Re1 Nf7 15. c3 bxc3 16. bxc3 fxe4 17. dxe4 Na5 18. Bg1 Bc6 19. Rc1 Qb5 20. Ne3 Nc4 21. Nxc4 Qxc4 22. Nh4 Rb6 23. e5 dxe5 24. Bxc6 Rxc6 25. f5 g5 26. Ng2 e4 27. Ne3 Qd3 28. Red1 Qxd2+ 29. Rxd2 Nd6 30. Rd5 Rb8 31. Rc2 Rb1 32. Ng4 Rf1 33. Rxc5 Rxc5 34. Bxc5 Rf3 35. f6 Bxf6 36. Nxf6+ Rxf6 37. Bxa7 Nc4 38. Bc5 e3 39. Re2 Re6 40. Kg2 Kf7 41. Kf3 1/2-1/2

[Event "Danmarksmesterskabet 1976"]
[Site "Aarhus"]
[Date "1976.04.13"]
[Round "4"]
[White "Hoi, Carsten"]
[Black "Bang, Erik"]
[Result "0-1"]
[WhiteElo "2304"]
[BlackElo "2302"]
[PlyCount "102"]
[EventDate "1976.04.10"]
[EventType "swiss"]
[EventRounds "10"]
[EventCountry "DEN"]
[SourceTitle "ChessBase"]

1. e4 e5 2. Nf3 Nc6 3. Bb5 Nf6 4. O-O d6 5. Nc3 Bd7 6. d4 exd4 7. Nxd4 Be7 8. Nxc6 bxc6 9. Bd3 O-O 10. Bf4 Ng4 11. h3 Ne5 12. Bxe5 dxe5 13. Qh5 Bd6 14. Bc4 Qe7 15. Rad1 Rab8 16. b3 Bb4 17. Rd3 Rbd8 18. Rfd1 g6 19. Qe2 Kh8 20. Qd2 Bd6 21. Qe3 a5 22. Qh6 f5 23. exf5 gxf5 24. Rg3 Rf6 25. Qg5 Rg6 26. Qxe7 Bxe7 27. Rgd3 Bd6 28. Na4 e4 29. Rd4 f4 30. Kf1 f3 31. g4 Rh6 32. Rxe4 Rxh3 33. Ke1 Rh4 34. Rdd4 c5 35. Rd3 Rxg4 36. Rxg4 Bxg4 37. Kd1 Re8 38. Bd5 Rf8 39. Nb2 h5 40. Nc4 h4 41. Ne3 Bd7 42. Nf1 h3 43. Bxf3 Rxf3 44. Rxf3 Bg4 45. Ke2 Bf4 46. c3 Kh7 47. c4 Kh8 48. Ne3 Bh5 49. Nf1 Kh7 50. Ng3 Bxg3 51. fxg3 h2 0-1

[Event "Danmarksmesterskabet 1976"]
[Site "Aarhus"]
[Date "1976.04.13"]
[Round "4"]
[White "Hvenekilde, Jorgen"]
[Black "Mortensen, Erling"]
[Result "0-1"]
[WhiteElo "2320"]
[BlackElo "2244"]
[PlyCount "68"]
[EventDate "1976.04.10"]
[EventType "swiss"]
[EventRounds "10"]
[EventCountry "DEN"]
[SourceTitle "ChessBase"]

1. e4 c5 2. Nf3 e6 3. d4 cxd4 4. Nxd4 Nf6 5. Nc3 d6 6. g4 a6 7. g5 Nfd7 8. Bg2 Nc6 9. Be3 Nde5 10. b3 Nxd4 11. Qxd4 Nc6 12. Qd2 b5 13. O-O Bd7 14. f4 Be7 15. a4 b4 16. Nd5 exd5 17. exd5 Na5 18. f5 f6 19. Qe2 Kf8 20. Rae1 Nb7 21. Rf2 Be8 22. h4 Bf7 23. h5 fxg5 24. Bb6 Qd7 25. Qe6 Qe8 26. h6 Bf6 27. hxg7+ Kxg7 28. Qxf6+ Kxf6 29. Re6+ Bxe6 30. Bd4+ Ke7 31. dxe6 d5 32. Bxd5 Qh5 33. f6+ Kd6 34. Bf3 Qh4 0-1

[Event "Danmarksmesterskabet 1976"]
[Site "Aarhus"]
[Date "1976.04.13"]
[Round "4"]
[White "Ingerslev, Aage"]
[Black "From, Sigfred"]
[Result "1-0"]
[WhiteElo "2291"]
[BlackElo "2198"]
[PlyCount "61"]
[EventDate "1976.04.10"]
[EventType "swiss"]
[EventRounds "10"]
[EventCountry "DEN"]
[SourceTitle "ChessBase"]

1. d4 d5 2. c4 c6 3. cxd5 cxd5 4. Nc3 Nf6 5. Nf3 e6 6. Bf4 Nc6 7. e3 Be7 8. Bd3 Nh5 9. Be5 f5 10. Bb5 Bd7 11. Bxc6 Bxc6 12. O-O O-O 13. a3 Qe8 14. Qe2 h6 15. Rfc1 g5 16. b4 Nf6 17. Nd2 Ne4 18. Ncxe4 dxe4 19. f4 a5 20. Rab1 axb4 21. axb4 Ra2 22. b5 Bd5 23. Rc7 g4 24. Rbc1 Rf7 25. Rc8 Bd8 26. Rb8 Kh7 27. Rcc8 Qe7 28. Rxd8 Qb4 29. Rh8+ Kg6 30. Rbg8+ Kh5 31. Rg5+ 1-0

[Event "Danmarksmesterskabet 1976"]
[Site "Aarhus"]
[Date "1976.04.13"]
[Round "4"]
[White "Kolbak, Jens"]
[Black "Rosell, Kaj"]
[Result "1/2-1/2"]
[WhiteElo "2368"]
[BlackElo "2306"]
[PlyCount "28"]
[EventDate "1976.04.10"]
[EventType "swiss"]
[EventRounds "10"]
[EventCountry "DEN"]
[SourceTitle "ChessBase"]

1. e4 c5 2. Nc3 Nc6 3. g3 g6 4. d3 Bg7 5. Be3 d6 6. Qd2 e5 7. Bg2 Nge7 8. Bh6 Bxh6 9. Qxh6 Nd4 10. Qd2 Qa5 11. Nge2 Bg4 12. Nxd4 cxd4 13. Nd5 Qxd2+ 14. Kxd2 Nxd5 1/2-1/2

[Event "Danmarksmesterskabet 1976"]
[Site "Aarhus"]
[Date "1976.04.13"]
[Round "4"]
[White "Kristensen, Leif Sogaard"]
[Black "Sahl, Bjarke"]
[Result "0-1"]
[WhiteElo "2240"]
[BlackElo "2209"]
[PlyCount "68"]
[EventDate "1976.04.10"]
[EventType "swiss"]
[EventRounds "10"]
[EventCountry "DEN"]
[SourceTitle "ChessBase"]

1. e4 d6 2. d4 Nf6 3. Nc3 g6 4. Be2 Bg7 5. Be3 O-O 6. h4 c5 7. d5 b5 8. Bxb5 Nxe4 9. Nxe4 Qa5+ 10. Nc3 Bxc3+ 11. bxc3 Qxb5 12. Ne2 Ba6 13. h5 Nd7 14. Nf4 Ne5 15. f3 Qc4 16. Qd2 Rab8 17. Kf2 Rb2 18. a4 Rfb8 19. hxg6 hxg6 20. Rh6 Rb1 21. Rh1 Rxa1 22. Rxa1 Rb2 23. Kg3 g5 24. Nh3 Qh4+ 25. Kh2 g4 26. fxg4 Bd3 27. Qe1 Qxg4 28. Bd2 Be4 29. Nf4 Rxc2 30. Qxe4 Rxd2 31. Rf1 Qh4+ 32. Kg1 Ng4 33. Nh3 Qg3 34. Qf4 Qxg2# 0-1

[Event "Danmarksmesterskabet 1976"]
[Site "Aarhus"]
[Date "1976.04.13"]
[Round "4"]
[White "Nielsen, Poul Erik"]
[Black "Jacobsen, Bo"]
[Result "1/2-1/2"]
[WhiteElo "2202"]
[BlackElo "2352"]
[PlyCount "130"]
[EventDate "1976.04.10"]
[EventType "swiss"]
[EventRounds "10"]
[EventCountry "DEN"]
[SourceTitle "ChessBase"]

1. e4 e5 2. Nf3 d6 3. d4 exd4 4. Qxd4 Nc6 5. Bb5 Nge7 6. Bg5 f6 7. Bh4 a6 8. Bxc6+ Nxc6 9. Qd5 Qe7 10. Nc3 g5 11. Bg3 f5 12. h4 Be6 13. Qd2 f4 14. Bh2 h6 15. Nd5 Bxd5 16. Qxd5 O-O-O 17. O-O-O Ne5 18. Nd4 Bg7 19. Bg1 f3 20. gxf3 Rhe8 21. Nf5 Qf6 22. Nxg7 Qxg7 23. Bh2 gxh4 24. Qd4 Qf7 25. Bxe5 dxe5 26. Qa7 c6 27. b3 Qxf3 28. Rxd8+ Rxd8 29. Rg1 Qf8 30. Kb1 Qd6 31. Qe3 Qd4 32. Qh3+ Kb8 33. Qxh4 Rf8 34. Rf1 Qd6 35. Rh1 Rf6 36. Qg3 Qd4 37. f3 Ka7 38. a4 Qc3 39. Rf1 Rf4 40. Qh3 Rxe4 41. Qxh6 Rf4 42. Qd6 Rd4 43. Qa3 c5 44. Qb2 Qa5 45. Qc1 Qb6 46. Qe3 Rxa4 47. Re1 Rb4 48. Kb2 Rf4 49. Qxe5 Rxf3 50. Re3 Rf8 51. Rc3 Rc8 52. Rc4 Qc6 53. Rg4 Rc7 54. Rg7 Rxg7 55. Qxg7 Qe4 56. Qc7 Qd4+ 57. Kc1 Qc3 58. Kb1 a5 59. Kc1 Qb4 60. Qd6 Qd4 61. Qc7 Ka6 62. Qc8 Qa1+ 63. Kd2 Qd4+ 64. Kc1 Qa1+ 65. Kd2 Qd4+ 1/2-1/2

[Event "Danmarksmesterskabet 1976"]
[Site "Aarhus"]
[Date "1976.04.13"]
[Round "4"]
[White "Sloth, Jorn"]
[Black "Rosenlund, Thorbjorn"]
[Result "1/2-1/2"]
[WhiteElo "2438"]
[BlackElo "2360"]
[PlyCount "51"]
[EventDate "1976.04.10"]
[EventType "swiss"]
[EventRounds "10"]
[EventCountry "DEN"]
[SourceTitle "ChessBase"]

1. Nf3 c5 2. c4 Nc6 3. Nc3 Nf6 4. d4 cxd4 5. Nxd4 g6 6. Nc2 Bg7 7. g3 h5 8. h3 b6 9. Bg2 Bb7 10. O-O Na5 11. e4 Qc8 12. Qe2 Qxc4 13. Qxc4 Nxc4 14. e5 Bxg2 15. exf6 Bxf1 16. fxg7 Rg8 17. Kxf1 f6 18. b3 Ne5 19. Ke2 Kf7 20. Bb2 Kxg7 21. Rd1 Rgd8 22. Nd5 Kf7 23. Nce3 Rac8 24. Rd2 Nc6 25. f4 f5 26. Nc4 1/2-1/2

[Event "Danmarksmesterskabet 1976"]
[Site "Aarhus"]
[Date "1976.04.14"]
[Round "5"]
[White "Bang, Erik"]
[Black "Jacobsen, Bo"]
[Result "0-1"]
[WhiteElo "2302"]
[BlackElo "2352"]
[PlyCount "94"]
[EventDate "1976.04.10"]
[EventType "swiss"]
[EventRounds "10"]
[EventCountry "DEN"]
[SourceTitle "ChessBase"]

1. Nf3 Nf6 2. c4 g6 3. Nc3 Bg7 4. e4 O-O 5. d4 d6 6. Be2 e5 7. dxe5 dxe5 8. Qxd8 Rxd8 9. Bg5 Nbd7 10. O-O-O Rf8 11. Nd5 c6 12. Nxf6+ Bxf6 13. Bxf6 Nxf6 14. Nd2 Be6 15. f3 Rfd8 16. Nb3 b6 17. Rxd8+ Rxd8 18. Rd1 Rxd1+ 19. Kxd1 Kf8 20. Kd2 Ke7 21. Kc3 Kd6 22. Nc1 g5 23. g4 h5 24. h3 h4 25. Nd3 Nd7 26. b4 f6 27. Bd1 Nf8 28. Nc1 Bd7 29. Ne2 Ne6 30. a3 Be8 31. Kd3 Bf7 32. Kc3 Nd4 33. Nc1 Ne6 34. Ne2 a6 35. Bb3 c5 36. Ba4 Nd4 37. Ng1 cxb4+ 38. axb4 a5 39. c5+ bxc5 40. bxa5 Kc7 41. Bd1 Kb7 42. Ne2 Nxf3 43. Nc1 Ng1 44. Nd3 Nxh3 45. Nxc5+ Ka7 46. Nd7 Ng1 47. Nb6 Be6 0-1

[Event "Danmarksmesterskabet 1976"]
[Site "Aarhus"]
[Date "1976.04.14"]
[Round "5"]
[White "Bjerring, Kai"]
[Black "Hansen, Jacob Ost"]
[Result "1/2-1/2"]
[WhiteElo "2320"]
[BlackElo "2408"]
[PlyCount "60"]
[EventDate "1976.04.10"]
[EventType "swiss"]
[EventRounds "10"]
[EventCountry "DEN"]
[SourceTitle "ChessBase"]

1. d4 Nf6 2. Nf3 g6 3. g3 Bg7 4. Bg2 O-O 5. O-O c6 6. Nbd2 d5 7. c4 Bf5 8. b3 Ne4 9. Bb2 Nd7 10. Nh4 Nxd2 11. Qxd2 Be6 12. e4 dxe4 13. Bxe4 Bh3 14. Rfe1 Nf6 15. Bf3 Qd7 16. Rad1 Rad8 17. Qe2 Rfe8 18. Ng2 Bg4 19. Ne3 Bxf3 20. Qxf3 Qc7 21. d5 Nxd5 22. Nxd5 cxd5 23. Bxg7 Kxg7 24. Rxd5 Rxd5 25. Qxd5 Rd8 26. Qf3 e5 27. Qe3 f6 28. Qxa7 Rd2 29. a4 h5 30. Qe3 Qd7 1/2-1/2

[Event "Danmarksmesterskabet 1976"]
[Site "Aarhus"]
[Date "1976.04.14"]
[Round "5"]
[White "Brinck Claussen, Bjorn"]
[Black "Brondum, Eric"]
[Result "1/2-1/2"]
[WhiteElo "2399"]
[BlackElo "2316"]
[PlyCount "111"]
[EventDate "1976.04.10"]
[EventType "swiss"]
[EventRounds "10"]
[EventCountry "DEN"]
[SourceTitle "B Brinck Clausen notebooks"]

1. d4 g6 2. e4 c5 3. d5 d6 4. Nf3 Bg7 5. Bb5+ Bd7 6. Bxd7+ Qxd7 7. a4 Qg4 8. O-O Qxe4 9. Re1 Qg4 10. Qe2 Na6 11. Nc3 Qd7 12. Bf4 Kf8 13. Nd2 Qf5 14. Qf3 g5 15. Bg3 Qxf3 16. Nxf3 Nb4 17. Re2 h6 18. Rd1 Nf6 19. h4 Nh5 20. hxg5 Nxg3 21. fxg3 hxg5 22. g4 Na6 23. Nb5 Bf6 24. b3 Kg7 25. g3 Rhc8 26. Nd2 Nc7 27. Ne4 Nxb5 28. axb5 Bd4+ 29. Kg2 f6 30. c3 Be5 31. Ra2 a6 32. Rda1 Rab8 33. bxa6 bxa6 34. Rxa6 Rc7 35. Ra7 Rxa7 36. Rxa7 Kf7 37. Ra3 Rb7 38. Kf3 e6 39. dxe6+ Kxe6 40. Ke3 f5 41. gxf5+ Kxf5 42. b4 cxb4 43. Rb3 Re7 44. cxb4 Bxg3 45. Kf3 Bf4 46. Nf2 Rh7 47. b5 Rh2 48. Rd3 Be5 49. b6 Rh7 50. Ke3 g4 51. Rb3 d5 52. b7 Bb8 53. Kd4 Rh2 54. Nxg4 Rd2+ 55. Rd3 Rxd3+ 56. Kxd3 1/2-1/2

[Event "Danmarksmesterskabet 1976"]
[Site "Aarhus"]
[Date "1976.04.14"]
[Round "5"]
[White "Kristensen, Leif Sogaard"]
[Black "Ingerslev, Aage"]
[Result "1-0"]
[WhiteElo "2240"]
[BlackElo "2291"]
[PlyCount "69"]
[EventDate "1976.04.10"]
[EventType "swiss"]
[EventRounds "10"]
[EventCountry "DEN"]
[SourceTitle "ChessBase"]

1. e4 e5 2. Bc4 Bc5 3. Nc3 Nf6 4. d3 d6 5. Na4 Bb6 6. Nxb6 axb6 7. f4 Bg4 8. Nf3 Nc6 9. O-O O-O 10. c3 exf4 11. Bxf4 Ne5 12. Bb3 Bxf3 13. gxf3 Nh5 14. Be3 Qh4 15. Qd2 Kh8 16. d4 Ng6 17. f4 f5 18. e5 dxe5 19. dxe5 Qg4+ 20. Kh1 Qh3 21. Qf2 Nxe5 22. fxe5 f4 23. Bd2 Rad8 24. e6 Ng3+ 25. Kg1 Ne4 26. e7 Qg4+ 27. Qg2 Qxg2+ 28. Kxg2 Rxd2+ 29. Kg1 Re8 30. Rae1 Ng5 31. Re3 h5 32. Rxf4 Rxe7 33. Rf8+ Kh7 34. Rxe7 Rxb2 35. Re3 1-0

[Event "Danmarksmesterskabet 1976"]
[Site "Aarhus"]
[Date "1976.04.14"]
[Round "5"]
[White "Kristiansen, Jens"]
[Black "Hvenekilde, Jorgen"]
[Result "1-0"]
[WhiteElo "2412"]
[BlackElo "2320"]
[PlyCount "47"]
[EventDate "1976.04.10"]
[EventType "swiss"]
[EventRounds "10"]
[EventCountry "DEN"]
[SourceTitle "ChessBase"]

1. Nf3 d6 2. d4 g6 3. e4 Bg7 4. Nc3 Nc6 5. Be3 e5 6. dxe5 Nxe5 7. Nxe5 Bxe5 8. Qd2 Ne7 9. O-O-O Be6 10. f4 Bg7 11. Be2 Qd7 12. h3 a6 13. g4 f6 14. Nd5 Nxd5 15. exd5 Bf7 16. c4 b5 17. c5 dxc5 18. Bxc5 Bf8 19. Qe3+ Kd8 20. Qd4 Be7 21. Bf3 Rc8 22. Rhe1 Re8 23. Rxe7 Rxe7 24. Qxf6 1-0

[Event "Danmarksmesterskabet 1976"]
[Site "Aarhus"]
[Date "1976.04.14"]
[Round "5"]
[White "Mortensen, Erling"]
[Black "Sahl, Bjarke"]
[Result "1-0"]
[WhiteElo "2244"]
[BlackElo "2209"]
[PlyCount "63"]
[EventDate "1976.04.10"]
[EventType "swiss"]
[EventRounds "10"]
[EventCountry "DEN"]
[SourceTitle "ChessBase"]

1. Nf3 g6 2. g3 Bg7 3. d4 d6 4. Bg2 Nd7 5. O-O Nh6 6. e4 O-O 7. Nc3 e5 8. a4 f6 9. b3 Nf7 10. Ba3 f5 11. exf5 gxf5 12. dxe5 Ndxe5 13. Nxe5 Nxe5 14. Nd5 Ng6 15. Rb1 c6 16. Ne3 f4 17. Nc4 d5 18. Bxf8 Qxf8 19. Nd2 Ne5 20. h3 Bf5 21. g4 Bg6 22. Nf3 Qc5 23. Nxe5 Bxe5 24. Qd2 Qxc2 25. Bxd5+ Kg7 26. Qxc2 Bxc2 27. Rbc1 Bg6 28. Bc4 Rd8 29. Rfe1 Bd4 30. h4 h6 31. Re7+ Kf6 32. Rce1 1-0

[Event "Danmarksmesterskabet 1976"]
[Site "Aarhus"]
[Date "1976.04.14"]
[Round "5"]
[White "Rosell, Kaj"]
[Black "Nielsen, Poul Erik"]
[Result "1/2-1/2"]
[WhiteElo "2306"]
[BlackElo "2202"]
[PlyCount "69"]
[EventDate "1976.04.10"]
[EventType "swiss"]
[EventRounds "10"]
[EventCountry "DEN"]
[SourceTitle "ChessBase"]

1. d4 d5 2. c4 Nc6 3. Nc3 e5 4. cxd5 Nxd4 5. e3 Nf5 6. Qc2 Bc5 7. Bb5+ Kf8 8. Nf3 f6 9. O-O Nge7 10. Rd1 Nd6 11. Be2 a6 12. Ne4 Nxe4 13. Qxe4 Nf5 14. Bd2 Nd6 15. Qh4 Bf5 16. Rac1 Ba7 17. Ba5 Rc8 18. Qa4 Kf7 19. Qb3 Re8 20. Nd2 Bb6 21. Bxb6 cxb6 22. Rxc8 Bxc8 23. Qc2 Bf5 24. Bd3 e4 25. Be2 Qe7 26. Nc4 Rc8 27. Qb3 b5 28. Nxd6+ Qxd6 29. a4 bxa4 30. Qxb7+ Rc7 31. Qxa6 Qxa6 32. Bxa6 Bd7 33. h3 Rc2 34. Rb1 Ke7 35. g4 1/2-1/2

[Event "Danmarksmesterskabet 1976"]
[Site "Aarhus"]
[Date "1976.04.14"]
[Round "5"]
[White "Sloth, Jorn"]
[Black "Hoi, Carsten"]
[Result "1/2-1/2"]
[WhiteElo "2438"]
[BlackElo "2304"]
[PlyCount "33"]
[EventDate "1976.04.10"]
[EventType "swiss"]
[EventRounds "10"]
[EventCountry "DEN"]
[SourceTitle "ChessBase"]

1. g3 g6 2. Bg2 Bg7 3. c4 Nf6 4. Nc3 O-O 5. Nf3 d6 6. O-O e5 7. d4 Nbd7 8. Qc2 Qe7 9. Rd1 exd4 10. Nxd4 c6 11. b3 Re8 12. e4 Nc5 13. f3 Nfd7 14. Bf4 Bxd4+ 15. Rxd4 Ne6 16. Rdd1 Nxf4 17. gxf4 1/2-1/2

[Event "Danmarksmesterskabet 1976"]
[Site "Aarhus"]
[Date "1976.04.15"]
[Round "6"]
[White "Bjerring, Kai"]
[Black "Brinck Claussen, Bjorn"]
[Result "0-1"]
[WhiteElo "2320"]
[BlackElo "2399"]
[PlyCount "145"]
[EventDate "1976.04.10"]
[EventType "swiss"]
[EventRounds "10"]
[EventCountry "DEN"]
[SourceTitle "B Brinck Clausen notebooks"]

1. e4 e6 2. d4 d5 3. Nc3 Bb4 4. e5 Qd7 5. Qg4 f5 6. Qg3 b6 7. Nge2 Nc6 8. Bd2 Bb7 9. a3 Bf8 10. h4 O-O-O 11. O-O-O Ba6 12. Na2 Kb7 13. Nb4 Nxb4 14. axb4 Rc8 15. Nf4 Bxf1 16. Rhxf1 Ne7 17. Qb3 Nc6 18. Bc3 Be7 19. b5 Nb8 20. g3 g5 21. hxg5 Bxg5 22. Bd2 c6 23. bxc6+ Nxc6 24. Qa4 Bxf4 25. Bxf4 Qe7 26. Rh1 Na5 27. Rh6 Rc4 28. Qa2 Rhc8 29. c3 Qd7 30. Kd2 R8c7 31. Ra1 Qb5 32. Ke1 R4c6 33. Bd2 Qd3 34. Qb1 Qf3 35. Qd1 Qe4+ 36. Qe2 Qc2 37. b4 Nb3 38. Qd1 Nxa1 39. Qxa1 b5 40. Qd1 Qxd1+ 41. Kxd1 Rg7 42. Kc2 Kc8 43. Kb2 Kd8 44. Kb3 Ke8 45. Kb2 Kf7 46. Kb3 Kg8 47. Rh1 Ra6 48. Rh6 Rg4 49. Bf4 Kg7 50. Rh1 Ra4 51. Bh6+ Kg8 52. Bf4 Rg7 53. Rh6 Rg6 54. Rh1 a5 55. bxa5 Rg7 56. Rh6 Rg6 57. Rh1 Rg7 58. Rh6 Re7 59. Bg5 Re8 60. Be3 Rxa5 61. Rf6 Ra7 62. Rh6 Rc7 63. Bd2 Rc4 64. Rh4 Kg7 65. Be3 Ra8 66. Rh1 Rac8 67. Bd2 b4 68. cxb4 Rxd4 69. Be3 Rd3+ 70. Ka4 d4 71. Bh6+ Kg6 72. Bf4 h5 73. b5 0-1

[Event "Danmarksmesterskabet 1976"]
[Site "Aarhus"]
[Date "1976.04.15"]
[Round "6"]
[White "From, Sigfred"]
[Black "Kristiansen, Jens"]
[Result "1/2-1/2"]
[WhiteElo "2198"]
[BlackElo "2412"]
[PlyCount "84"]
[EventDate "1976.04.10"]
[EventType "swiss"]
[EventRounds "10"]
[EventCountry "DEN"]
[SourceTitle "ChessBase"]

1. d4 Nf6 2. c4 g6 3. Nc3 Bg7 4. e4 d6 5. f3 c6 6. Be3 Nbd7 7. Qd2 a6 8. O-O-O Qa5 9. Kb1 b5 10. Nd5 Qxd2 11. Nxf6+ Bxf6 12. Rxd2 O-O 13. h4 Rb8 14. Bg5 Re8 15. Bxf6 exf6 16. cxb5 axb5 17. g4 f5 18. gxf5 gxf5 19. Nh3 fxe4 20. Rg1+ Kf8 21. Ng5 Nf6 22. fxe4 h6 23. Rf2 hxg5 24. Rxf6 Rxe4 25. hxg5 Ke7 26. Bg2 Rxd4 27. Re1+ Be6 28. Bh3 Rg8 29. Bxe6 fxe6 30. Rfxe6+ Kd7 31. Re7+ Kc8 32. Rg1 Rg6 33. Rh1 Rg8 34. Rhh7 Rg4 35. Ra7 Kb8 36. Rhb7+ Kc8 37. Rb6 R8xg5 38. Rxc6+ Kb8 39. Rd7 Rg1+ 40. Rc1 Rxc1+ 41. Kxc1 Rc5+ 42. Kd2 Rc6 1/2-1/2

[Event "Danmarksmesterskabet 1976"]
[Site "Aarhus"]
[Date "1976.04.15"]
[Round "6"]
[White "Hansen, Jacob Ost"]
[Black "Sloth, Jorn"]
[Result "1/2-1/2"]
[WhiteElo "2408"]
[BlackElo "2438"]
[PlyCount "24"]
[EventDate "1976.04.10"]
[EventType "swiss"]
[EventRounds "10"]
[EventCountry "DEN"]
[SourceTitle "ChessBase"]

1. e4 Nc6 2. Nf3 d5 3. exd5 Qxd5 4. Nc3 Qa5 5. Bb5 Bd7 6. O-O a6 7. Bxc6 Bxc6 8. Re1 Qh5 9. Ne5 Qxd1 10. Rxd1 Bd7 11. d4 Nf6 12. Nxd7 Kxd7 1/2-1/2

[Event "Danmarksmesterskabet 1976"]
[Site "Aarhus"]
[Date "1976.04.15"]
[Round "6"]
[White "Hoi, Carsten"]
[Black "Mortensen, Erling"]
[Result "0-1"]
[WhiteElo "2304"]
[BlackElo "2244"]
[PlyCount "118"]
[EventDate "1976.04.10"]
[EventType "swiss"]
[EventRounds "10"]
[EventCountry "DEN"]
[SourceTitle "ChessBase"]

1. d4 Nf6 2. c4 c5 3. d5 d6 4. Nc3 g6 5. Nf3 Bg7 6. g3 O-O 7. Bg2 e6 8. O-O Na6 9. Nd2 Nc7 10. dxe6 Bxe6 11. Nde4 Nxe4 12. Nxe4 Bxc4 13. Bg5 f6 14. Nxd6 Bxe2 15. Qxe2 Qxd6 16. Bf4 Qb6 17. Rfd1 Rad8 18. Qe7 Ne6 19. Bd5 Rde8 20. Qd7 Kh8 21. Re1 g5 22. Bxe6 gxf4 23. Bb3 Qc6 24. Qf5 fxg3 25. Bc2 gxh2+ 26. Kxh2 Qc7+ 27. Kh1 Bh6 28. Rxe8 Rxe8 29. Rg1 Qe7 30. Qh5 Bg5 31. Rg3 b6 32. Kg1 Rg8 33. Bf5 Bf4 34. Rxg8+ Kxg8 35. Kg2 Be5 36. Kf3 Bxb2 37. Qg4+ Kh8 38. Be6 Qb7+ 39. Kf4 Bc1+ 40. Kf5 Qg7 41. f3 b5 42. Ke4 Qxg4+ 43. fxg4 Kg7 44. Bd7 b4 45. Kf5 Kf7 46. Be6+ Ke7 47. Bg8 h6 48. Ke4 Kd6 49. Bb3 a5 50. Bf7 Bb2 51. Bg8 Bd4 52. Bb3 Kc6 53. Ba4+ Kb6 54. Be8 Ba1 55. Kd5 Bd4 56. Kc4 Kc7 57. Kd5 Kd8 58. Bg6 a4 59. Ke6 c4 0-1

[Event "Danmarksmesterskabet 1976"]
[Site "Aarhus"]
[Date "1976.04.15"]
[Round "6"]
[White "Ingerslev, Aage"]
[Black "Sahl, Bjarke"]
[Result "1/2-1/2"]
[WhiteElo "2291"]
[BlackElo "2209"]
[PlyCount "82"]
[EventDate "1976.04.10"]
[EventType "swiss"]
[EventRounds "10"]
[EventCountry "DEN"]
[SourceTitle "ChessBase"]

1. d4 g6 2. c4 Bg7 3. Nc3 d6 4. e4 Nd7 5. Be3 e5 6. Be2 Ne7 7. Qd2 Nc6 8. Nf3 exd4 9. Nxd4 Nde5 10. O-O Nxd4 11. Bxd4 Be6 12. f4 c5 13. Bxe5 dxe5 14. Qxd8+ Rxd8 15. f5 Bd7 16. Rad1 f6 17. Rf3 Bc6 18. Nd5 Bxd5 19. cxd5 Rd6 20. Ra3 gxf5 21. exf5 a6 22. Ra5 Rb6 23. Rxc5 Rxb2 24. Bc4 Kd8 25. d6 Bh6 26. Rc7 Rc2 27. Rxb7 Rxc4 28. d7 Be3+ 29. Kh1 Rd4 30. Rxd4 exd4 31. Rb8+ Kxd7 32. Rxh8 d3 33. Rb8 d2 34. Rb1 Kd6 35. g4 Kd5 36. Kg2 Ke4 37. h3 a5 38. a4 Bh6 39. Kf2 Kd3 40. Rd1 Be3+ 41. Kf3 Bg5 1/2-1/2

[Event "Danmarksmesterskabet 1976"]
[Site "Aarhus"]
[Date "1976.04.15"]
[Round "6"]
[White "Nielsen, Poul Erik"]
[Black "Bang, Erik"]
[Result "1/2-1/2"]
[WhiteElo "2202"]
[BlackElo "2302"]
[PlyCount "49"]
[EventDate "1976.04.10"]
[EventType "swiss"]
[EventRounds "10"]
[EventCountry "DEN"]
[SourceTitle "ChessBase"]

1. e4 g6 2. Nc3 Bg7 3. h4 h5 4. d4 c6 5. Be3 d6 6. Qd2 Nd7 7. O-O-O b5 8. e5 dxe5 9. dxe5 Bxe5 10. Nf3 Bg7 11. Ne4 Ngf6 12. Nxf6+ Bxf6 13. Ng5 Qc7 14. Bf4 Be5 15. Bxe5 Nxe5 16. Qc3 O-O 17. f3 Nd7 18. Kb1 Nf6 19. Bxb5 Bf5 20. Bc4 Rad8 21. Rxd8 Qxd8 22. Re1 Nd5 23. Qd2 Qd6 24. Rd1 Rd8 25. Kc1 1/2-1/2

[Event "Danmarksmesterskabet 1976"]
[Site "Aarhus"]
[Date "1976.04.15"]
[Round "6"]
[White "Rosenlund, Thorbjorn"]
[Black "Rosell, Kaj"]
[Result "0-1"]
[WhiteElo "2360"]
[BlackElo "2306"]
[PlyCount "72"]
[EventDate "1976.04.10"]
[EventType "swiss"]
[EventRounds "10"]
[EventCountry "DEN"]
[SourceTitle "ChessBase"]

1. Nf3 Nf6 2. c4 e6 3. e3 d5 4. d4 Be7 5. Nbd2 O-O 6. Bd3 c5 7. cxd5 exd5 8. dxc5 Bxc5 9. Nb3 Bb6 10. O-O Nc6 11. Nbd4 Bg4 12. Nxc6 bxc6 13. b3 Re8 14. Bb2 Ne4 15. Be2 Qd6 16. Nd4 Bc7 17. f4 Bd7 18. Bg4 Bb6 19. b4 Bxg4 20. Qxg4 Qxb4 21. Rab1 Qf8 22. Nf5 f6 23. Rbc1 Rac8 24. Rf3 Kh8 25. Rh3 Qf7 26. Nh4 Kg8 27. Nf5 Kh8 28. Nh4 h6 29. Re1 Kh7 30. Nf5 Qg6 31. Qxg6+ Kxg6 32. Nd4 Nd6 33. Kf2 Kf7 34. g4 Re4 35. Rg3 c5 36. Nb3 Ra4 0-1

[Event "Danmarksmesterskabet 1976"]
[Site "Aarhus"]
[Date "1976.04.16"]
[Round "7"]
[White "Bang, Erik"]
[Black "Rosell, Kaj"]
[Result "0-1"]
[WhiteElo "2302"]
[BlackElo "2306"]
[PlyCount "62"]
[EventDate "1976.04.10"]
[EventType "swiss"]
[EventRounds "10"]
[EventCountry "DEN"]
[SourceTitle "ChessBase"]

1. Nf3 g6 2. d4 Bg7 3. e4 d6 4. Be2 Nf6 5. Nbd2 O-O 6. O-O Nbd7 7. c3 Re8 8. Qc2 e5 9. Re1 Nh5 10. dxe5 dxe5 11. Nc4 Nf4 12. Bf1 Nf8 13. b4 Qf6 14. Ne3 h5 15. Bb2 c6 16. Rad1 Nh3+ 17. Kh1 Bg4 18. Rd2 Bxf3 19. gxf3 Ng5 20. Be2 Nxf3 21. Bxf3 Qxf3+ 22. Ng2 Rad8 23. Re3 Qf6 24. Red3 Bh6 25. Rd1 Rxd3 26. Rxd3 Rd8 27. c4 Rxd3 28. Qxd3 Qxf2 29. Bxe5 Qxa2 30. h3 Qd2 31. Qb1 Qc1+ 0-1

[Event "Danmarksmesterskabet 1976"]
[Site "Aarhus"]
[Date "1976.04.16"]
[Round "7"]
[White "Hansen, Jacob Ost"]
[Black "Kolbak, Jens"]
[Result "1-0"]
[WhiteElo "2408"]
[BlackElo "2368"]
[PlyCount "81"]
[EventDate "1976.04.10"]
[EventType "swiss"]
[EventRounds "10"]
[EventCountry "DEN"]
[SourceTitle "ChessBase"]

1. e4 e6 2. d3 d5 3. Nd2 g6 4. Ngf3 Bg7 5. g3 Ne7 6. Bg2 O-O 7. c3 c5 8. O-O Nbc6 9. Qe2 b6 10. e5 a5 11. Re1 b5 12. Nb3 c4 13. Nbd4 cxd3 14. Qxd3 b4 15. Bg5 Ba6 16. Qe3 Qd7 17. Bf6 bxc3 18. bxc3 Rab8 19. Bh3 Rfe8 20. Qf4 Nxd4 21. cxd4 Nc6 22. a3 Bf8 23. Re3 Rb2 24. Bf1 Bxf1 25. Rxf1 Reb8 26. Qh4 Rb1 27. g4 Rxf1+ 28. Kxf1 Rb1+ 29. Kg2 h6 30. Nd2 Rd1 31. Rh3 Ne7 32. Bg5 Qc7 33. Bxh6 Qc1 34. Bg5 Rg1+ 35. Kf3 Qd1+ 36. Ke3 Nf5+ 37. gxf5 Re1+ 38. Kd3 Qe2+ 39. Kc2 Qd1+ 40. Kd3 Qe2+ 41. Kc3 1-0